Derecho Administrativo: obra reunida

Saved in:
Bibliografiske detaljer
Hovedforfatter: Pierry Arrau, Pedro (autor)
Format: Bog
Sprog:spansk
Udgivet: Valparaíso Universitaria 2017
Udgivelse:1a. ed
Fag:
Tags: Tilføj Tag
Ingen Tags, Vær først til at tagge denne postø!

MARC

LEADER 00000cam a2200000 a 4500
001 UCC2062
003 CL-VaPUC
008 171230e20170000cl |||||||||||||||||spa|d
020 |a 9789561707306 
082 0 4 |a 342.06  |b PIE  |2 21 
100 |a Pierry Arrau, Pedro  |e autor  |9 815632 
245 1 0 |a Derecho Administrativo: obra reunida 
250 |a 1a. ed 
300 |a 621 p 
942 |c BK 
945 |d 20171230 00:11:00  |a dcastane 
260 |a Valparaíso  |b Universitaria  |c 2017 
650 0 |a Derecho administrativo  |9 254851 
650 0 |a Actos administrativos   |9 256128 
650 0 |a Recursos administrativos  |9 255671 
650 0 |a Procedimientos administrativos  |9 430309 
583 |a last modification  |c 20171230 00:11:00  |k Rodrigo Vera 
999 |c 370363  |d 370361 
952 |0 0  |1 0  |3 erd  |4 0  |6 342_060000000000000_PIE_2017  |7 0  |8 A  |9 486771  |a BIBDER  |b BIBDER  |i 5444799  |l 5  |m 6  |o 342.06 PIE 2017  |p 5444799  |r 2024-07-26  |s 2023-06-22  |w 2019-11-24  |y BK  |z Catalogado en:20171230  |k DER 
952 |0 0  |1 0  |3 erd  |4 0  |6 342_060000000000000_PIE_2017  |7 0  |8 A  |9 486772  |a BIBDER  |b BIBDER  |i 5444802  |l 8  |m 1  |o 342.06 PIE 2017  |p 5444802  |r 2024-07-08  |s 2024-06-06  |w 2019-11-24  |y BK  |z Catalogado en:20171230  |k DER 
952 |0 0  |1 0  |3 erd  |4 0  |6 342_060000000000000_PIE_2017  |7 0  |8 A  |9 486773  |a BIBDER  |b BIBDER  |i 5444780  |l 8  |m 1  |o 342.06 PIE 2017  |p 5444780  |q 2025-05-12  |r 2025-04-11  |s 2025-04-11  |w 2019-11-24  |y BK  |z Catalogado en:20171230  |k DER 
952 |0 0  |1 0  |2 ddc  |3 erd  |4 0  |6 342_060000000000000_PIE_2017  |7 1  |8 C_LRYV  |9 486774  |a BIBDER  |b BIBDER  |i 5445582  |o 342.06 PIE 2017  |p 5445582  |r 2023-01-25  |w 2019-11-24  |y BK_X  |z Catalogado en:20180108  |k BRV